| 000 -LEADER |
| fixed length control field |
01447nam a22002417a 4500 |
| 008 - FIXED-LENGTH DATA ELEMENTS--GENERAL INFORMATION |
| fixed length control field |
250528b xxu||||| |||| 00| 0 eng d |
| 082 ## - DEWEY DECIMAL CLASSIFICATION NUMBER |
| Classification number |
791.4372 |
| Item number |
Ar21 |
| 245 ## - TITLE STATEMENT |
| Title |
Arcadian / directed by Benjamin Brewer ; written by Michael Nilon ; produced by David Wulf, Arianne Fraser, Delphine Perrier, Braxton Popem, Nicolas Cage. |
| 260 ## - PUBLICATION, DISTRIBUTION, ETC. (IMPRINT) |
| Place of publication, distribution, etc |
United States ; |
| Name of publisher, distributor, etc |
RLJE Films, |
| Date of publication, distribution, etc |
2024. |
| 300 ## - PHYSICAL DESCRIPTION |
| Extent |
1 videofile, (ca. 92 mins.) : |
| Other physical details |
sound, color. |
| 520 ## - SUMMARY, ETC. |
| Summary, etc |
In a near future, life on Earth has been decimated. Paul and his twin teenage sons, Thomas and Joseph, have been living a half-life tranquility by day and torment by night. When the sun sets, ferocious creatures of the night awaken and consume all living souls in their path. One day, when Thomas doesn't return home before sundown, Paul chooses to leave the safety of their fortified farm to find him before the creatures arrive. Just as he finds his boy, a nightmarish battle ensues and Paul is gravely wounded. Now the twins must devise a desperate plan for surviving the coming night and use everything their father has taught them to keep him alive. |
| 650 ## - SUBJECT ADDED ENTRY--TOPICAL TERM |
| Topical term or geographic name as entry element |
Action. |
| 650 ## - SUBJECT ADDED ENTRY--TOPICAL TERM |
| Topical term or geographic name as entry element |
Drama. |
| 650 ## - SUBJECT ADDED ENTRY--TOPICAL TERM |
| Topical term or geographic name as entry element |
Horror. |
| 650 ## - SUBJECT ADDED ENTRY--TOPICAL TERM |
| Topical term or geographic name as entry element |
Sci-Fi. |
| 650 ## - SUBJECT ADDED ENTRY--TOPICAL TERM |
| Topical term or geographic name as entry element |
Thriller. |
| 700 ## - ADDED ENTRY--PERSONAL NAME |
| Personal name |
Cage, Nicolas, star. |
| 700 ## - ADDED ENTRY--PERSONAL NAME |
| Personal name |
Martell, Jaeden, star. |
| 700 ## - ADDED ENTRY--PERSONAL NAME |
| Personal name |
Jenkins, Maxwell, star. |
| 700 ## - ADDED ENTRY--PERSONAL NAME |
| Personal name |
Mobilio, Frank, cinematography. |
| 700 ## - ADDED ENTRY--PERSONAL NAME |
| Personal name |
Shimek, Kristi, editor. |
| 942 ## - ADDED ENTRY ELEMENTS (KOHA) |
| Source of classification or shelving scheme |
|
| Item type |
Audio-Visual Materials |